Elektrofyziologická charakterizácia membrán buniek neexcitabilného transportného epitelu s počítačovým zberom dát

Bibliographic Details
Main Authors: Ponec, J. (Author), Marko, M. (Author)
Format: Article
Language:Slovak
PhysicalDescription:Obr. 4., lit. 17 zázn. v slov., angl.
Subjects:

MARC

LEADER 00000nab a2200000 a 4500
001 vtls000353447
003 SK-MaSNL
005 20260303223855.0
008 220422c1989 xo 0 slo
015 |a SNBRB19rr/mm-uuuuu 
035 |a CL0353569 
040 |a SNKBUCL  |b slo  |c SNKBUCL  |e AACR2 
041 0 |a slo 
044 |a xo  |c SK 
080 |a 612.014.3  |2 1981 
080 |a 681.3  |2 1981 
100 1 |a Ponec, J.  |4 aut  |9 427823 
245 1 0 |a Elektrofyziologická charakterizácia membrán buniek neexcitabilného transportného epitelu s počítačovým zberom dát  |c J. Ponec, M. Marko 
300 |b Obr. 4., lit. 17 zázn. v slov., angl. 
650 0 7 |a bunky  |2 snkbucl  |9 22123 
650 0 7 |a výpočtová technika  |2 snkbucl  |9 1126 
655 7 |a články z novín a časopisov  |2 snkbucl  |9 267496 
700 1 |a Marko, M.  |4 aut  |9 344069 
773 0 |t Československá fysiologie  |g Roč. 38, č. 1 (1989), s. 69-84 
850 |a Slovenská národná knižnica v Martine  |a MTA001 
852 |a SNK  |b KIS3GCP 
958 |a NB 
958 |a RK 
958 |a ME 
992 |a RBX 
999 |c 2249665  |d 2251595